000 00521cam a22002171 4500
001 sa 68000409
003 DLC
005 20260227112423.0
008 881102s1963 xx 000 0 urdo
010 _asa 68000409
035 _a(OCoLC)23540406
040 _aDLC
_cMiU
_dDLC
042 _apremarc
050 0 0 _aPK1971
_b.F3
100 0 _aFarmān Fatiḥpūrī,
_d1926-2013.
245 1 0 _aTaḥqīq o tanqīd.
260 _c[1963]
300 _a243 p.
_c19 cm.
500 _aRomanized.
650 0 _aUrdu philology
999 _c77192
_d77192